Fisheku ne paje : drame ne 3 akte (Record no. 28917)

000 -LEADER
fixed length control field 00565nam a22002057a 4500
003 - CONTROL NUMBER IDENTIFIER
control field OSt
005 - DATE AND TIME OF LATEST TRANSACTION
control field 20260417100818.0
008 - FIXED-LENGTH DATA ELEMENTS--GENERAL INFORMATION
fixed length control field 260417b ||||| |||| 00| 0 eng d
040 ## - CATALOGING SOURCE
Original cataloging agency BSHUA
Language of cataloging Shqip
050 ## - LIBRARY OF CONGRESS CALL NUMBER
Item number 8Sh-2/Kra.
082 ## - DEWEY DECIMAL CLASSIFICATION NUMBER
Item number 8Sh-2/Kra.
100 ## - MAIN ENTRY--PERSONAL NAME
Personal name Kraja, Fadil
245 ## - TITLE STATEMENT
Title Fisheku ne paje : drame ne 3 akte
260 ## - PUBLICATION, DISTRIBUTION, ETC. (IMPRINT)
Place of publication, distribution, etc Tirane:
Name of publisher, distributor, etc Naim Frasheri,
300 ## - PHYSICAL DESCRIPTION
Extent 74 f.;
Dimensions 16.5 cm.
653 ## - INDEX TERM--UNCONTROLLED
Uncontrolled term Letersia shqipe - Drama shqipe - Drama - Drame ne tre akte - 14 personazhe -
-- Fadil Kraja
856 ## - ELECTRONIC LOCATION AND ACCESS
Link text Fulltext
942 ## - ADDED ENTRY ELEMENTS (KOHA)
Source of classification or shelving scheme
Koha item type Books
953 ## - Fulltext
Is Fulltext Available Unavailable
Holdings
Withdrawn status Lost status Source of classification or shelving scheme Damaged status Not for loan Permanent Location Current Location Date acquired Cost, normal purchase price Full call number Barcode Date last seen Price effective from Koha item type
          Biblioteka e Universitetit te Arteve - Fondi i Mbyllur Biblioteka e Universitetit te Arteve - Fondi i Mbyllur 2026-04-17 2.00 8Sh-2/Kra. 11002 2026-04-17 2026-04-17 Books
          Biblioteka e Universitetit te Arteve - Fondi i Mbyllur Biblioteka e Universitetit te Arteve - Fondi i Mbyllur 2026-04-17 2.00 8Sh-2/Kra. 11001 2026-04-17 2026-04-17 Books
^
Universiteti i Arteve, Tiranë
Projekt i realizuar më Tetor, 2011.
Powered by: Koha
Developed by: Erjon Sulaj